| Поле | Инд. | ПП | Название | Значение |
|---|---|---|---|---|
| Тип записи | a | |||
| Библиографический уровень | a | |||
| 001 | Контрольный номер | 11117ebc635c49df94f172a2483f37b3 | ||
| 005 | Дата корректировки | 20260423081321.6 | ||
| 020 | a | ISBN | 978-5-907919-723 | |
| 040 | a | Служба первич. каталог. | НБ ТвГУ | |
| b | Код языка каталог. | rus | ||
| e | Правила каталог. | PSBO | ||
| 041 | 0_ | a | Код языка текста | rus |
| 097 | b | Оператор | Komarova.ES | |
| 100 | 1_ | a | Автор | Манина Ирина Ивановна |
| q | Полное имя | Манина И. И. | ||
| 245 | 10 | a | Заглавие | Роль художественного слова в формировании национальной идентичности и сохранения культурного кода |
| 260 | a | Место издания | Москва | |
| b | Издательство | Московский союз литераторов | ||
| 504 | a | Библиография | Библиогр. в подстроч. примеч. | |
| 520 | 0_ | a | Аннотация | В статье исследуется механизм влияния художественной литературы на процессы самоидентификации личности и формирования коллективного национального сознания. Рассматривается концепция «слова» как смыслообразующего элемента культуры, анализируется, каким образом эстетический опыт чтения трансформируется в этические установки и способствует осознанию сопричастности к культурно-историческому коду нации. Статья подготовлена на основе материалов выступления в рамках дискуссионной панели, посвященной роли литературы в современном мире. |
| 653 | 0_ | a | Ключевые слова | Наука |
| a | Ключевые слова | Художественное слово | ||
| a | Ключевые слова | Национальная идентичность | ||
| a | Ключевые слова | Самопознание | ||
| a | Ключевые слова | Литературный процесс | ||
| 773 | 18 | w | Контрольный № источника | b6c41c0621c24b1a8844e5348daa290e |
| t | Название источника | IV международная научно-практическая конференция "Русский язык и литература в современном мире: как сохранить национальный культурный код" | ||
| d | Место и дата издания | Москва : Московский союз литераторов, 2026 | ||
| g | Прочая информация | С. 7-14 | ||
| 901 | t | Тип документа | a | |
| 920 | a | Оператор | Кома | |
| 954 | b | Дата поступления в ОК | 20260423 |